| 000 | 03863nam a22004697a 4500 | ||
|---|---|---|---|
| 005 | 20091218103031.0 | ||
| 008 | 090120t xxu||||| |||| 00| 0 eng d | ||
| 010 | _aB-380530-549 | ||
| 020 |
_a9788187108405 _c165.00 |
||
| 035 | _aB-380530-549 | ||
| 037 | _bUBH | ||
| 040 |
_adpl _bEnglish |
||
| 082 | _aS | ||
| 245 |
_aVaishno Devi: _cedited by Sunita Pant Bansal _bthe powerful Goddess / |
||
| 260 |
_aNew Delhi _bOm Book International _c2009 |
||
| 270 |
_a4379/4B, Prakash House, Ansri Road, Daryaganj, _bNew Delhi _e10002 |
||
| 300 |
_a79p.: _bcol. ill. _c24cm(Hb) |
||
| 650 | _aStories | ||
| 700 | _aBansal, Sunita Pant | ||
| 942 |
_2ddc _cCH _hS _mVAI |
||
| 999 |
_c33154 _d33154 |
||